=LDR 00000nam 2200000 4500 =001 INLIS000000000015878 =005 20241204110519 =035 ##$$a 0010-061300000015878 =008 241204################g##########0#ind## =041 ##$$a Ind =082 ##$$a 341.247 =090 ##$$a 341.247, Dan t =100 ##$$a Danusaputra, Munajat =245 1#$$a Towards an Asean environ mental law, /$c prof. Mr. St. Munadjar Danusaputra =260 ##$$a 1984 :$b Jakarta,$c IKAPI =300 ##$$a xxxvi,207 hlm., ; $c 21 X 14 cm =650 #4$$a Asean =850 ##$$a NBPNMAT =084 ##$$a 341.247 DAN t =990 ##$$a 84.534/pro95 =990 ##$$a 84.535/pro95